Návrh opatrení pre výber zamestnanca na vybranú pracovnú pozíciu a jeho ďalšie vzdelávanie.
Salvato in:
| Autore principale: | |
|---|---|
| Altri autori: | |
| Natura: | Manoscritto Libro |
| Lingua: | slovacco |
| Pubblicazione: |
2016
|
| Soggetti: | |
| Accesso online: | http://is.stuba.sk/zp/portal_zp.pl?podrobnosti=129178 |
| Tags: |
Nessun Tag, puoi essere il primo ad aggiungerne!!
|
MARC
| LEADER | 00000ntm a22000003a 4500 | ||
|---|---|---|---|
| 001 | stuzp59469 | ||
| 003 | SK-STU | ||
| 005 | 20160719155845.5 | ||
| 007 | ta | ||
| 008 | 150427s2015----xo-----f-mn---000-0-slo-d | ||
| 040 | |a STU |b slo | ||
| 041 | 0 | |a slo | |
| 100 | 1 | |a Dzíbela, František |u 064000 |4 aut |U MTF Materiálovotechnologická fakulta |T MTF Ústav priemyselného inžinierstva a manažmentu |X 45618 |U M4000 |Y 84 |7 45618 | |
| 242 | 0 | 1 | |a Draft measures for selection for the selected job and further education |y eng |
| 245 | 1 | 0 | |a Návrh opatrení pre výber zamestnanca na vybranú pracovnú pozíciu a jeho ďalšie vzdelávanie. |
| 260 | |c 2016 | ||
| 650 | 4 | |a manažment |2 slo | |
| 650 | 4 | |a výber zamestnancov |2 slo | |
| 650 | 4 | |a vzdelávanie |2 slo | |
| 650 | 4 | |a management |2 eng | |
| 650 | 4 | |a staff selection |2 eng | |
| 650 | 4 | |a education |2 eng | |
| 700 | 1 | |a Porubčanová, Zuzana |4 ths |X 71032 |7 71032 | |
| 856 | 4 | |u http://is.stuba.sk/zp/portal_zp.pl?podrobnosti=129178 | |
| 996 | |c M* BP-7763 |l MMSKP |s P |a 0 |w stuzp59469_0001 | ||
| SQL | |a stuzp59469 |b DBP |c SLO |d Návrh opatrení pre výber zamestnanca na vybranú pracovnú pozíciu a jeho ďalšie vzdelávanie. |e 45618 |f Dzíbela, František |g 064000 |h 71032 |i Porubčanová, Zuzana |j 20160622 |k 173 |l 06 |m http://is.stuba.sk/zp/portal_zp.pl?podrobnosti=129178 |n B-PPP |o 5.2.52. priemyselné inžinierstvo | ||